Metallocene-catalyzed polymers : materials, properties, processing & markets /
Guardado en:
| Otros Autores: | , |
|---|---|
| Formato: | Libro |
| Idioma: | English |
| Publicado: |
Norwich, NY :
Plastics Design Library,
c1998.
|
| Materias: | |
| Acceso en línea: | Descripción Tabla de contenido |
| Etiquetas: |
Agregar Etiqueta
Sin Etiquetas, Sea el primero en etiquetar este registro!
|
| LEADER | 01075cam a22002655a 4500 | ||
|---|---|---|---|
| 001 | EIQ.libpla003719 | ||
| 008 | 980526s1998####nyua#####b####001#0#eng#d | ||
| 005 | 20080305161131.0 | ||
| 245 | 0 | 0 | |a Metallocene-catalyzed polymers : |b materials, properties, processing & markets / |c [edited by] George M. Benedikt, Brian L. Goodall. |
| 260 | |a Norwich, NY : |b Plastics Design Library, |c c1998. | ||
| 300 | |a viii, 386 p. : |b il. ; |c 23 cm. | ||
| 504 | |a Incluye referencias bibliográficas e índice. | ||
| 020 | |a 1884207596 | ||
| 700 | 1 | |a Benedikt, George M., |e ed. |4 edt | |
| 700 | 1 | |a Goodall, Brian L., |e ed. |4 edt | |
| 082 | 0 | 0 | |a 668.9 |2 21 |
| 650 | 4 | |a Polímeros |x Metaloceno. | |
| 650 | 4 | |a Polímeros |x Poliolefinas. | |
| 650 | 4 | |a Polymers |x Metallocenes. | |
| 650 | 4 | |a Polymers |x Polyolefins. | |
| 010 | |a 97076234 | ||
| 040 | |a ViBlbV |c ViBlbV |d DLC |d AR-BbSID | ||
| 856 | 4 | 2 | |3 Descripción |u http://www.loc.gov/catdir/description/wap041/97076234.html |
| 856 | 4 | 1 | |3 Tabla de contenido |u http://www.loc.gov/catdir/toc/wap041/97076234.html |
| 859 | |a AR-BbSID |b BIB. PLAPIQUI |h 668.42 |i M 567 |p 4721 | ||
